Palutena's Guidance Conversations Quiz Stats

 Plays Quiz not verified by Sporcle

Challenge
Share
Tweet
Embed
Score 0/51 Timer 10:00
0 Plays Today
Conversation Character % Correct
Guess she's taking a break from being kidnapped.Peach
88.9%
Watch out for his sudden farts. And all farts in general. They're gross AND dangerous.Wario
88.9%
I wonder what's inside all those eggs... Chocolate?Yoshi
87.9%
DO A BARREL ROLL!Fox
87.3%
He's a heavyweight and has the ability to fly. And his hammer attack is no joke.King Dedede
87.3%
Oh, look. There's Metroid.Samus
87.3%
It's quite rare for a Pokémon to be more famous in its middle stage than its final evolution.Pikachu
86.9%
If he took off his mask, could he inhale things, too?Meta Knight
86.6%
That lady's moves are awfully similar to Marth's.Lucina
86.3%
Don't underestimate him just because he's a monkey. He's faster and stronger than any human.Diddy Kong
85%
Aww! He's so squishy and adorable!Kirby
85%
I wonder where Chrom is.Robin
84.7%
Why is that comfy pillow following her? ...I love pillows!Rosalina
84.4%
Did you know that ______ are named after Pikpik carrots, a vegetable native to Hocotate?Olimar
84.1%
He's a quack. I hear he treats viruses by randomly throwing medication at them. Doesn't seem very safe.Dr. Mario
83.8%
He was your first ally in the fight against the Subspace Army.Mario
83.1%
He has a power meter that, once full, lets him unleash a lethal attack.Little Mac
83.1%
Wakka wakka wakka wakka wakka.Pac-Man
82.5%
Now, where did you disappear to after the fight with Hades?Dark Pit
81.8%
Just watch out for his dreamy Clawshot!Link
81.5%
She has some pretty hurty-looking equipment. Getting kicked by those Jet Boots has gotta sting!Zero Suit Samus
81.5%
...Exactly. Captain Falcon's already got the falcon motif. _____ looks more like a pheasant to me.Falco
81.5%
Getting hit with a nine will knock out any fighter with a single strike, no matter who it is.Mr. Game & Watch
80.9%
How about Mr. HVC-012?R.O.B.
80.9%
That necktie really doesn't leave much to the imagination.Donkey Kong
80.9%
Probably because where he's from, there's a mole who goes around punishing cheaters.Villager
80.3%
Conversation Character % Correct
Look at the way it floats! It must be light as air.Jigglypuff
76.8%
He can sometimes take another form. As ____, he's known as the King of Porkness.Ganondorf
76.1%
Pit, do you exercise regularly?Wii Fit Trainer
76.1%
But it's pretty dark magic. Now, what part of you should I use to make your Phantom?Zelda
74.8%
I've never seen a creature with a life force like that!Lucario
72%
HARD KNUCKLE!!!Mega Man
71.7%
Hey, I just thought of an even better name for it. How about...the Shellicopter?!Bowser Jr.
71.3%
So I guess now we'll see if you're the real deal!Pit
70.1%
I've changed my mind. He's entirely too spiky.Sonic
69.1%
It's just not fair, Lady Palutena! One is handsome, and the other is adorable! They're cherry-picking the best bits!Toon Link
66.2%
Always a bridesmaid, never a bride.Luigi
65.6%
Get a load of Mr. Fancy Pants here.Marth
60.5%
A mysterious sharpshooter, eh? Well, that does make things more exciting!Duck Hunt
58.3%
He's looking pretty aggro today. Must be because he's in a fighting game.Bowser
58%
Makes us look like a buncha jokers!Shulk
57.6%
A little short in the flight department? That sounds like a familiar predicament.Charizard
54.8%
It is one of the great mysteries of our time.Sheik
51.6%
Think of it more as a sporting event and less as...a massacre.Palutena
50.6%
As a defensive measure, I suggest rubbing spicy peppers all over yourself.Greninja
49%
Oh, like you're one to talk! How old are you, anyway? Ten?Ike
48.7%
Uh, you sure know a lot about space machinery. For being the goddess of nature and all.Captain Falcon
47.1%
Those fists are weapons in and of themselves. They pack a real punch, so you could watch out for even straightforward moves like the side smash.Mii Brawler
46.5%
They often have some unexpected techniques too. If you get careless, you may find yourself in big trouble.Mii Swordfighter
41.1%
And believe me, I truly appreciate all that...stuff...you do...with things...Ness
40.4%
Motion control... That's downright REVOLUTIONARY! We should patent that.Mii Gunner
39.2%

You're not logged in!

Compare scores with friends on all Sporcle quizzes.
Join for Free
OR
Log In

You Might Also Like...

Show Comments

Extras

Top Quizzes Today


Score Distribution

Your Account Isn't Verified!

In order to create a playlist on Sporcle, you need to verify the email address you used during registration. Go to your Sporcle Settings to finish the process.

Report this User

Report this user for behavior that violates our Community Guidelines.

Details: